000 00629nam a2200217Ii 4500
003 JO-AjNU
008 230605s9999||||xx |||||||||||||| ||und||
017 _a2007/5/1453
040 _aJO-AjNU
_bara
_erda
_cJO-AjNU
041 _aara
050 1 4 _aPJ6106.R2 2009
100 3 _aالراجحي، عبده,
_eauthor
_911712
245 0 0 _aالتطبيق النحوي
250 _aط2
264 3 1 _aعمان: دار المسيرة، 2009
300 _a432ص
336 _atext
_btxt
_2rdacontent
337 _aunmediated
_bn
_2rdamedia
338 _avolume
_bnc
_2rdacarrier
650 4 _aاللغة العربية - نحو
_911713
999 _aA2466
_c6034
_d6034